000 00678nam a2200289Ia 4500
005 20260324123903.0
008 008 260324s9999 xx 000 0 eng d
020 _a9780429245978
037 _aEBOOK
040 _aCRL
040 _beng
040 _cCRL
041 _2eng
041 _aeng
084 _qCRL
100 _aDrew Locher
_91172031
245 0 _aLean Office and Service Simplified
245 4 _bThe Definitive How-To Guide
260 _bTaylor and Francis
260 _c2011
365 _a
365 _b300
856 _uhttp://www.taylorfrancis.com/books/9780429245978
942 _cEBOOK
999 _c1765930
_d1765930